Marvel Rivals: The Thing Skins by Picture - Statistics

General Stats
  • This quiz has been taken 11 times
  • The average score is 6 of 10
Answer Stats
Picture Answer % Correct
Blue Thing
100%
Future Foundation
100%
The Fantastic Four: First Steps
100%
First Family
60%
Symbiote-Thing
60%
Trench Coat
60%
Rocky Tide
40%
Sunshine Thing
20%
The Unlimited
20%
Verdant Vanguard
20%
No matching quizzes found
Score Distribution
Percent of People with Each Score
Percentile by Number Answered
Your Score History
You have not taken this quiz